00566nam a2200181Ia 4500001001000000003000500010008004100015010001100056040000900067082002000076100001700096245006500113300000900178440001600187500009600203650004300299710004200342Para_8589CHAP220125s9999 xx 000 0 und d a207400 cCHAP aPA-C 595.752 A6 aBaker, A. C. aNeotoxoptera violae, theo., and its Allies /c by A.C Baker a2 p. aAphidae; 23 aSobretiro de: Bull. Ent. Re. 10 (1): 45-46, 1919. Encuadernado con otros impresos similares ax Afididos x Colecciones de escritos aBulletin of Entomological Research 10